| 000 | 00000nam##2200000za#4500 |
| 001 | 9.572163 |
| 003 | CaOODSP |
| 005 | 20210624183100 |
| 007 | cr ||||||||||| |
| 008 | 150406|1992||||xxc|||||o f|0| 0 eng|d |
| 040 | |aCaOODSP|beng |
| 043 | |an-cn--- |
| 086 | 1 |aJS5-1/4-1992E-PDF |
| 110 | 1 |aCanada. |bSolicitor General Canada. |
| 245 | 10|aDimensions of Aboriginal over-representation in correctional institutions and implications for crime prevention / |h[electronic resource]|cby Carol LaPrairie. |
| 260 | |bSolicitor General Canada |c1992. |
| 300 | |a33p.|breferences, tables |
| 490 | 1 |aAboriginal peoples collection|vAPC 4 CA |
| 500 | |aThe catalogue number (JS5-1/4-1992) and ISBN (0-662-59378-2) for the bilingual print edition have been incorrectly copied in this electronic publication. |
| 590 | |a11-26-Supp|b2011-11-03 |
| 720 | 1 |aLaPrairie, Carol |
| 775 | 08|tLa surreprésentation des autochtones dans les établissements correctionnels et ses répercussions sur la prévention du crime / |w(CaOODSP)9.602574 |
| 830 | #0|aAboriginal peoples collection ;|vAPC 4 CA|w(CaOODSP)9.505592 |
| 856 | 40|ahttp://publications.gc.ca|qPDF|s117 KB|uhttps://publications.gc.ca/collections/collection_2011/sp-ps/JS5-1-4-1992-eng.pdf|yAPC 4 CA |